000
00473nam a2200181Ia 4500
008
090124s9999 xx 000 0 und d
082
_b
114044
100
_a
थत्ते यदुनाथ
245
_a
वानवळा
250
_a
1
260
_c
1965
300
_a
31
600
_a
थत्ते यदुनाथ
630
_a
वानवळा
700
_a
थत्ते यदुनाथ
730
_a
वानवळा
942
_c
BOOK
999
_c
160135
_d
160135